Inside knowledge (Record no. 83877)

MARC details
000 -LEADER
fixed length control field 00715cab a22001935a 4500
001 - CONTROL NUMBER
control field L155564
008 - FIXED-LENGTH DATA ELEMENTS--GENERAL INFORMATION
fixed length control field 120329e20120105xxk 000 0 eng d
035 ## - SYSTEM CONTROL NUMBER
System control number (Sirsi) u155564
041 0# - LANGUAGE CODE
Language code of text/sound track or separate title eng
100 1# - MAIN ENTRY--PERSONAL NAME
Personal name Cross, Luke
245 00 - TITLE STATEMENT
Title Inside knowledge
Remainder of title league tables
260 ## - PUBLICATION, DISTRIBUTION, ETC.
Date of publication, distribution, etc. 2012
490 ## - SERIES STATEMENT
Series statement Construction News
Volume/sequential designation (7258) 22 March 2012, 36-37(2)
520 ## - SUMMARY, ETC.
Summary, etc. Summary and tables for the top 50 contractors February 2012, the top 10 consulting engineers February 2012, the top 50 contractors March 2011-February 2012, the top 10 clients February 2012, and the top 10 clients March 2011-February 2012.
590 ## - LOCAL NOTE (RLIN)
Local note KA
651 #4 - SUBJECT ADDED ENTRY--GEOGRAPHIC NAME
Geographic name United Kingdom
Chronological subdivision
690 ## - LOCAL SUBJECT ADDED ENTRY--TOPICAL TERM (OCLC, RLIN)
Topical term or geographic name as entry element Construction management
9 (RLIN) 6230
942 ## - ADDED ENTRY ELEMENTS (KOHA)
Suppress in OPAC 0
Holdings
Withdrawn status Lost status Source of classification or shelving scheme Damaged status Not for loan Home library Current library Shelving location Date acquired Total Checkouts Full call number Barcode Date last seen Copy number Price effective from Koha item type
    Dewey Decimal Classification     London London Journal article 29/03/2012   L155564 155564-1001 06/08/2019 1 06/08/2019 Journal article